Learn DOS : guaranteed

Bibliographic Details
Main Author: Cadway, Richard P
Format: Book
Published: New York : Windcrest Books , 1993
Subjects:

MARC

LEADER 00000cam a2200000 7i4500
001 0000002446
002 000002666
005 20080130.0
020 |a 0830643311 
090 0 0 |a 005.4469   |b CAD 
100 0 |a Cadway, Richard P 
245 1 0 |a Learn DOS :   |b guaranteed   |c Richard P.Cadway 
260 |a New York :   |b Windcrest Books ,   |c 1993 
300 |a 175p. ;   |c 23cm. 
650 0 0 |a Operating system (Computers) 
999 |a 035781   |b BUKU   |c PINJAMAN   |e PERPUSTAKAAN KOMUNITI PETALING JAYA 
999 |a 035782   |b BUKU   |c PINJAMAN   |e PERPUSTAKAAN KOMUNITI PETALING JAYA